| 000 | 00470cam a22001217a 4500 | ||
|---|---|---|---|
| 008 | 180718b2000 xxu||||| |||| 00| 0 eng d | ||
| 082 | _aX6065x54 R | ||
| 245 |
_aStatistics of road accidents in India, 1991-1998 _cby Road Safety Cell, Ministry of Surface Transport |
||
| 260 |
_aNew Delhi _bRoad Safety Cell, Ministry of Surface Transport _c2000 |
||
| 300 | _a111p. | ||
| 650 | _aRoads - Statistics - India | ||
| 700 | _aIndia. Ministry of Surface Transport. Road Safety Cell | ||
| 999 |
_c485001 _d485001 |
||